Formula One A-Z - Statistics

General Stats
  • This quiz has been taken 617 times
    213 since last reset
  • The average score is 16 of 26
Answer Stats
Hint Answer % Correct
How many races were in the season 1951 e Eight
88%
Nickname of Hamiltons engineer at Mercedes. b Bono
85%
Smoooooth operatooooor s Carlos Sainz
85%
Another name for the race g Grand Prix
85%
Champion with V v Sebastian Vettel/ Jacques Villeneuve/ Max Verstappen
85%
Former name of Alpha tauri t Toro Rosso
83%
Country where circuits like COTA, IndianapolisDetroit... are u USA
82%
F1 Champion. Has an own chicane. a Alberto Ascari
80%
Name of the first F1 champion f Guiseppe Farina
80%
German Name of the homecountry of Michael Schumacher d Deutschland
74%
First race winner at Haas o Esteban Ocon
73%
The Autodromo Jose Carlos Pace is also known as i Interlagos
70%
Race track in Germany. Can be up to 25km long n Nürburgring
69%
Has three parts. Complete time 45 min. q Qualifying
69%
Winner of the Hungary Gp 2008 k Heikki Kovalainen
59%
Only driver to get the titel posthumous r Jochen Rindt
56%
Chassis Name of the 2020 mercedes w W11
56%
F1 Team c Cooper/ Connaught/ Copersucar/Connew/ Christensen/ Caterham/ Coloni
54%
Driver who made a last to first for his maiden win p Sergio Perez
46%
Winner of the most wettest race ever j Jenson Button
44%
French city which hosted a F1 race l Le Castellet/Le mans
41%
Japanese Driver y Sakon Yamamoto
32%
The old Monza is having a...(Now forbidden) (symbolic letter) x Cross/ X
31%
Renamed Campos Grand Prix (no longeractive) h HRT
26%
Ferrari Boss m Mattia Binotto
25%
Former F1 driver.Had 2 big accidents with bikes z Alessandro Zanardi
23%
No matching quizzes found
Score Distribution
Percent of People with Each Score
Percentile by Number Answered
Your Score History
You have not taken this quiz since the last reset